000 04145cam a22013094i 4500
001 u53444
003 PE-LiUPU
005 20250813185635.0
008 150706s2012 pe a r 000 0 spa d
020 _a6124118408
020 _a9786124118401
035 _a(Sirsi) i9786124118401
040 _aPE-LiUPU
_bspa
_cPE-LiUPU
_dPE-LiUPU
_erda
049 _aPRUA
082 0 4 _a343.8
_bC4
_221
245 0 1 _aCierre contable y tributario 2012 :
_bgastos deducibles y reparos tributarios /
_cMario Alva Matteucci.
264 1 _aLima :
_bInstituto Pacífico,
_c2012.
300 _a316 páginas :
_bilustraciones ;
_c24 centímetros
336 _atext
_2rdacontent
337 _aunmediated
_2rdamedia
338 _avolume
_2rdacarrier
505 0 _aMarco tributario -- Principales gastos deducibles: artículo 37° de la ley del IR -- Gastos prohibidos: artículo 44° de la LIR -- Sistema actual de compensación de pérdida tributaria -- Aspectos contables aplicables al cierre contable y tributario -- Análisis tributario de las transacciones celebradas por la empresa.
526 _aP202
526 _aP201
526 _aP163
526 _aP162
526 _aP161
526 _aP160
526 _aP148
526 _aP147
526 _aP146
526 _aP145
526 _aP144
526 _aP143
526 _aP142
526 _aP141
526 _aP140
526 _aP139
526 _aP138
526 _aP137
526 _aP136
526 _aP135
526 _aP134
526 _aP133
526 _aP129
526 _aP128
526 _aP127
526 _aP120
526 _aP119
526 _aP118
526 _aP116
526 _aP115
526 _aP114
526 _aP110
526 _aP109
526 _aP108
526 _aP104
526 _aP103
526 _aP102
526 _aP99
526 _aP98
526 _aP97
526 _aP96
526 _aP95
526 _aP93
526 _aP90
526 _aP89
526 _aP88
526 _aP83
526 _aP82
526 _aP62
526 _aP59
526 _aP58
526 _aP57
526 _aP51
526 _aP49
526 _aP48
526 _aP47
526 _aP29
526 _aP24
526 _aP20
526 _aP19
526 _aP17
526 _aP15
526 _aP14
526 _aP12
526 _aP10
526 _aP09
526 _aP08
526 _aP07
526 _aP06
526 _aP05
526 _aP04
526 _aP01
541 _g001-000105;
596 _a1 2
650 0 4 _aContabilidad
_xAspectos tributarios.
650 0 4 _aImpuesto a renta
_zPerú.
650 0 4 _aReparos tributarios
_zPerú.
700 1 _aAlva Matteucci, Mario,
_d1967-,
_eautor.
700 1 _aGarcía Quispe, José Luis,
_eautor.
910 _agl
_cjck
_d20131114
942 _2ddc
_cBOOK
949 _a343.8 C4
_wDEWEY
_c1
_i69074
_d2016-9-27
_e2016-9-27
_f2018-2-12
_g3
_lCCODEBUL1
_mBUL
_n2
_p31.00
_r0
_sY
_tBOOK
_u2015-7-6
_xFCE
_PP08
_0COMPRA
_o.STAFF. Colección Ciencias Empresariales
949 _a343.8 C4
_wDEWEY
_c2
_i69075
_d2017-9-12
_e2017-9-7
_f2018-2-12
_g3
_lCCODEBUL1
_mBUL
_n7
_p31.00
_r0
_sY
_tBOOK
_u2015-7-6
_xFCE
_PP08
_0COMPRA
_o.STAFF. Colección Ciencias Empresariales
949 _a657 A45
_wDEWEY
_c1
_iFT02534
_lCCODEBUT1
_mBUT
_p20.00
_r0
_sY
_tBOOK
_u2016-3-29
_xFCE
_PP08
_0DONACION
_o.STAFF. Colección General
994 _aC0
_bPEPRU
999 _a343.8 C4
_wDEWEY
_c56159
_i69074
_d56159
_e2016-9-27
_f2021-11-5
_g6
_lCCODEBUL1
_mBUL
_n2
_p31.00
_q2
_r0
_sY
_tBOOK
_u2015-7-6
_xFCE
_zP08
_0COMPRA
_o.STAFF. Colección Ciencias Empresariales
999 _a343.8 C4
_wDEWEY
_c2
_i69075
_d2017-9-12
_e2017-9-7
_f2021-11-5
_g6
_lCCODEBUL1
_mBUL
_n7
_p31.00
_r0
_sY
_tBOOK
_u2015-7-6
_xFCE
_zP08
_0COMPRA
_o.STAFF. Colección Ciencias Empresariales
999 _a657 A45
_wDEWEY
_c1
_iFT02534
_f2019-2-20
_g1
_lCCODEBUT1
_mBUT
_p20.00
_r0
_sY
_tBOOK
_u2016-3-29
_xFCE
_PP08
_0DONACION
_o.STAFF. Colección General
980 _81
_gALBERTO SANCHEZ Responsable de Automatización